If you lived at the time of the Civil War / (Record no. 2608)

MARC details
000 -LEADER
fixed length control field 00897cam a2200265 a 4500
005 - DATE AND TIME OF LATEST TRANSACTION
control field 20240108092428.0
020 ## - INTERNATIONAL STANDARD BOOK NUMBER
International Standard Book Number 9780590454223
040 ## - CATALOGING SOURCE
Original cataloging agency PStdE
Transcribing agency PStdE
Modifying agency DLC
Language of cataloging eng
050 00 - LIBRARY OF CONGRESS CALL NUMBER
Classification number E468.M78
082 00 - DEWEY DECIMAL CLASSIFICATION NUMBER
Classification number 973.7
100 1# - MAIN ENTRY--PERSONAL NAME
Personal name Moore, Kay
Dates associated with a name 1950-
245 10 - TITLE STATEMENT
Title If you lived at the time of the Civil War /
Statement of responsibility, etc. by Kay Moore ; illustrated by Anni Matsick
250 ## - EDITION STATEMENT
Edition statement This edition first printing , September 2006
260 ## - PUBLICATION, DISTRIBUTION, ETC.
Place of publication, distribution, etc. New York :
Name of publisher, distributor, etc. Scholastic,
Date of publication, distribution, etc. 1994
300 ## - PHYSICAL DESCRIPTION
Extent 64 pages :
Other physical details color illustrations, map ;
Dimensions 20 cm .
505 ## - FORMATTED CONTENTS NOTE
Formatted contents note X <br/>
520 ## - SUMMARY, ETC.
Summary, etc. Describes conditions for the civilians in both North and South during and immediately after the war.
521 ## - TARGET AUDIENCE NOTE
Target audience note 900 <br/>
Source Lexile <br/>
521 ## - TARGET AUDIENCE NOTE
Target audience note X <br/>
Source Raz-Plus <br/>
650 #1 - SUBJECT ADDED ENTRY--TOPICAL TERM
Topical term or geographic name entry element Questions and answers.
700 1# - ADDED ENTRY--PERSONAL NAME
Personal name Matsick, Anni
Relator term illustrator
906 ## - LOCAL DATA ELEMENT F, LDF (RLIN)
a 7
b cbc
c copycat
d 2
e ncip
f 19
g y-gencatlg
942 ## - ADDED ENTRY ELEMENTS (KOHA)
Source of classification or shelving scheme Dewey Decimal Classification
Koha item type Books
Suppress in OPAC No
999 ## -
-- 2608
-- 2608
Holdings
Withdrawn status Lost status Source of classification or shelving scheme Damaged status Not for loan Collection Home library Current library Shelving location Date acquired Total Checkouts Full call number Barcode Date last seen Price effective from Koha item type
    Dewey Decimal Classification     Non-Fiction Footprints International School Library Network Toul Kork Campus Footprints International School Library Network Toul Kork Campus TTP Secondary Non-Fiction Bookshelves 01/04/2024   MOO 973.7 E468.M78 FISTK01549 01/04/2024 01/04/2024 Books